000 00285nam a2200109Ia 4500
008 171211s9999 xx 000 0 und d
245 _aAutoCAD 2002 Bible
245 _cEllen Finkelstein
260 _c2002
650 _xSOFTWARE
856 _uhttp://down.ebook777.com/061/0764536117.pdf
999 _c349378
_d349378